Hóa lí

Nội dung gồm nhiệt học và các ứng dụng, cơ sở lý luận về nhiệt động học, các vấn đề ứng dụng trong việc khảo sát cân bằng pha, cân bằng phản ứng các lý thuyết dung dịch, nhiệt động học thống kê, thuyết động học khí thải....

詳細記述

保存先:
書誌詳細
第一著者: Trần, Văn Nhân
フォーマット: 図書
言語:Undetermined
出版事項: Hà Nội Giáo dục 2004
主題:
タグ: タグ追加
タグなし, このレコードへの初めてのタグを付けませんか!
Thư viện lưu trữ: Trung tâm Học liệu Trường Đại học Cần Thơ
LEADER 00963nam a2200205Ia 4500
001 CTU_106629
008 210402s9999 xx 000 0 und d
020 |c 21300 
082 |a 541.3 
082 |b Nh121/T.1 
100 |a Trần, Văn Nhân 
245 0 |a Hóa lí 
245 0 |c Trần Văn Nhân (chủ biên), Nguyễn Thạc Sửu, Nguyễn Văn Tuế 
260 |a Hà Nội 
260 |b Giáo dục 
260 |c 2004 
520 |a Nội dung gồm nhiệt học và các ứng dụng, cơ sở lý luận về nhiệt động học, các vấn đề ứng dụng trong việc khảo sát cân bằng pha, cân bằng phản ứng các lý thuyết dung dịch, nhiệt động học thống kê, thuyết động học khí thải. 
650 |a Physics,Thermodynamics 
904 |i Năm, Q. Hiếu (sửa) 
980 |a Trung tâm Học liệu Trường Đại học Cần Thơ